[Event "Olympiad Women-43"]
[Site "Batumi"]
[Date "2018.10.05"]
[Round "11.1"]
[White "Arakhamia Grant, Ketevan"]
[Black "Gray, Krishna"]
[Result "1-0"]
[WhiteElo "2345"]
[BlackElo "1693"]
[PlyCount "78"]
[EventDate "2018.09.24"]
[EventType "team-swiss"]
[EventRounds "11"]
[EventCountry "GEO"]
[SourceTitle "EXT 2020"]
[Source "ChessBase"]
[SourceDate "2019.10.17"]
[SourceVersion "1"]
[SourceVersionDate "2019.10.17"]
[SourceQuality "1"]
[WhiteTeam "Scotland (W)"]
[BlackTeam "Jamaica (W)"]
[WhiteTeamCountry "SCO"]
[BlackTeamCountry "JAM"]

1. e4 e6 2. d4 d5 3. Nc3 Bb4 4. e5 c5 5. a3 Bxc3+ 6. bxc3 Nc6 7. Nf3 Qa5 8. Bd2 c4 9. a4 Bd7 10. g3 h6 11. h4 0-0-0 12. Bh3 Nge7 13. Qc1 Rdf8 14. Qa3 Kb8 15. 0-0 Ka8 16. Rfb1 Rfg8 17. Kg2 Qd8 18. a5 Nf5 19. Qc5 Qe7 20. Qxe7 Nfxe7 21. Bc1 g6 22. Nh2 g5 23. h5 Nf5 24. Ng4 Rd8 25. Nf6 Bc8 26. Ba3 Ng7 27. Bc5 Ne8 28. Nxe8 Rdxe8 29. Rf1 Rhg8 30. Bg4 Ne7 31. Kh3 Nf5 32. Be2 Rg7 33. g4 Ne7 34. f4 gxf4 35. Rxf4 Nc6 36. Rf6 Rh8 37. Raf1 Nd8 38. Bd6 Bd7 39. Bc7 Bc6 1-0

[Event "Olympiad Women-43"]
[Site "Batumi"]
[Date "2018.10.02"]
[Round "8.1"]
[White "Narva, Mai"]
[Black "Gray, Krishna"]
[Result "1-0"]
[WhiteElo "2320"]
[BlackElo "1693"]
[PlyCount "71"]
[EventDate "2018.09.24"]
[EventType "team-swiss"]
[EventRounds "11"]
[EventCountry "GEO"]
[SourceTitle "EXT 2020"]
[Source "ChessBase"]
[SourceDate "2019.10.17"]
[SourceVersion "1"]
[SourceVersionDate "2019.10.17"]
[SourceQuality "1"]
[WhiteTeam "Estonia (W)"]
[BlackTeam "Jamaica (W)"]
[WhiteTeamCountry "EST"]
[BlackTeamCountry "JAM"]

1. e4 e6 2. d4 d5 3. e5 c5 4. c3 Nc6 5. Nf3 Qb6 6. a3 c4 7. Nbd2 f6 8. exf6 Nxf6 9. b3 cxb3 10. Nxb3 Bd6 11. Be3 Qc7 12. c4 dxc4 13. Bxc4 0-0 14. 0-0 Kh8 15. h3 Bd7 16. Ng5 Rae8 17. Nd2 Nd8 18. Bd3 Bc6 19. Nde4 Bxe4 20. Nxe4 Nc6 21. Nxf6 gxf6 22. Qh5 Rg8 23. Rfd1 Qg7 24. Bf1 f5 25. Rab1 Re7 26. a4 Qf6 27. Bc1 Reg7 28. Bb2 Rg5 29. Qe2 Qh6 30. d5+ e5 31. dxc6 Qxh3 32. Bxe5+ Bxe5 33. Qxe5+ R5g7 34. Rxb7 h6 35. Rxg7 Rxg7 36. Qxg7+ 1-0

[Event "Olympiad Women-43"]
[Site "Batumi"]
[Date "2018.10.01"]
[Round "7.21"]
[White "Gray, Krishna"]
[Black "Sebag, Marie"]
[Result "0-1"]
[WhiteElo "1693"]
[BlackElo "2480"]
[PlyCount "48"]
[EventDate "2018.09.24"]
[EventType "team-swiss"]
[EventRounds "11"]
[EventCountry "GEO"]
[SourceTitle "EXT 2020"]
[Source "ChessBase"]
[SourceDate "2019.10.17"]
[SourceVersion "1"]
[SourceVersionDate "2019.10.17"]
[SourceQuality "1"]
[WhiteTeam "Jamaica (W)"]
[BlackTeam "France (W)"]
[WhiteTeamCountry "JAM"]
[BlackTeamCountry "FRA"]

1. d4 d5 2. Bf4 c5 3. e4 dxe4 4. d5 Nf6 5. Nc3 a6 6. Qe2 g6 7. 0-0-0 Bg7 8. Nxe4 Nxe4 9. Qxe4 0-0 10. h4 Nd7 11. Qd3 Qa5 12. a3 b5 13. Nf3 b4 14. h5 c4 15. Qe3 c3 16. hxg6 hxg6 17. Nd4 cxb2+ 18. Kd2 Qxd5 19. Bh6 Bxd4 20. Qxe7 Bf6+ 21. Ke3 Bxe7 22. Rxd5 b1Q 23. Bxf8 Bxf8 24. g3 Qc1+ 0-1

[Event "JAM-ch (Women)"]
[Site "Kingston"]
[Date "2018.02.11"]
[Round "8"]
[White "Brown, Raehanna"]
[Black "Gray, Krishna"]
[Result "0-1"]
[WhiteElo "1438"]
[BlackElo "1679"]
[PlyCount "150"]
[EventDate "2018.02.02"]
[EventType "tourn"]
[EventRounds "11"]
[EventCountry "JAM"]
[SourceTitle "CBM 183 Extra"]
[Source "ChessBase"]
[SourceDate "2018.04.19"]
[SourceVersion "1"]
[SourceVersionDate "2018.04.19"]
[SourceQuality "1"]

1. Nf3 d5 2. g3 Nf6 3. Bg2 Bf5 4. d3 c6 5. Nbd2 e6 6. 0-0 Be7 7. b3 a5 8. Bb2 0-0 9. Re1 Nbd7 10. e4 dxe4 11. dxe4 Bg4 12. Qe2 Qc7 13. e5 Nd5 14. c4 N5b6 15. Rad1 Rfd8 16. Qe3 a4 17. Ne4 Bxf3 18. Bxf3 Nf8 19. Bd4 Nbd7 20. Bg2 c5 21. Bb2 Nxe5 22. Rxd8 Rxd8 23. Nxc5 Nxc4 24. Nxe6 Nxe6 25. Qc3 Bf6 26. Qxc4 Qxc4 27. bxc4 Bxb2 28. Bxb7 g6 29. Bd5 Rd6 30. Rb1 a3 31. Rd1 Kf8 32. Rd3 Nc7 33. Kg2 Nxd5 34. cxd5 Ke7 35. Kf3 Rf6+ 36. Ke3 Bc1+ 37. Ke2 Kd6 38. g4 Rf4 39. h3 Re4+ 40. Kf3 Re5 41. Rc3 Bb2 42. Rb3 Rxd5 43. Rb6+ Kc7 44. Ra6 Kb7 45. Ra4 Kb6 46. Ke2 Rd4 47. Ra8 Re4+ 48. Kd2 Rf4 49. Ke3 Rc4 50. Kd2 Rc1 51. Rf8 f6 52. Rxf6+ Bxf6 53. Kxc1 Kc5 54. Kd2 Kd4 55. Kc2 Ke4 56. Kb3 Be7 57. Kc4 Kf3 58. Kd5 Kxf2 59. Ke6 Bb4 60. Kf7 Bc3 61. Kg8 Ke2 62. Kxh7 g5 63. Kg6 Bd2 64. Kf5 Kd3 65. Ke5 Kc3 66. Kd5 Kb2 67. Kc4 Kxa2 68. Kd3 Kb2 69. Kxd2 a2 70. Kd3 a1Q 71. Ke4 Qf1 72. Ke5 Qxh3 73. Kf5 Qe3 74. Kg6 Qf4 75. Kh5 Kc3 0-1

[Event "JAM-ch (Women)"]
[Site "Kingston"]
[Date "2018.02.04"]
[Round "3"]
[White "Gray, Krishna"]
[Black "Smith, Annesha"]
[Result "1/2-1/2"]
[WhiteElo "1679"]
[BlackElo "1667"]
[PlyCount "83"]
[EventDate "2018.02.02"]
[EventType "tourn"]
[EventRounds "11"]
[EventCountry "JAM"]
[SourceTitle "CBM 183 Extra"]
[Source "ChessBase"]
[SourceDate "2018.04.19"]
[SourceVersion "1"]
[SourceVersionDate "2018.04.19"]
[SourceQuality "1"]

1. c4 f5 2. Nc3 Nf6 3. g3 e6 4. Bg2 Be7 5. Nf3 d6 6. a3 a5 7. 0-0 e5 8. d3 0-0 9. Rb1 Qe8 10. b4 axb4 11. axb4 c6 12. b5 c5 13. b6 Qh5 14. Bg5 f4 15. gxf4 exf4 16. Bxf4 Bh3 17. Bg3 Nc6 18. Qd2 Bxg2 19. Kxg2 h6 20. Nb5 Ne8 21. Qe3 Qg6 22. Kh1 Bd8 23. Rg1 Bg5 24. Nxg5 hxg5 25. Bh4 g4 26. Bg3 Rf6 27. Ra1 Re6 28. Qd2 Rb8 29. Nc3 Nd4 30. Ra2 Nf6 31. Rga1 Nb3 32. Qb2 Nxa1 33. Rxa1 Nh5 34. Ne4 Nxg3+ 35. Nxg3 Qf7 36. Ne4 Rxe4 37. dxe4 Qxf2 38. Qd2 Qf6 39. Qd5+ Kh7 40. Rd1 Qf4 41. Qh5+ Kg8 42. Qd5+ 1/2-1/2

[Event "JAM-ch (Women) 35th"]
[Site "Kingston"]
[Date "2017.01.27"]
[Round "8"]
[White "Clarke, Adani"]
[Black "Gray, Krishna"]
[Result "1/2-1/2"]
[WhiteElo "1537"]
[BlackElo "1666"]
[PlyCount "65"]
[EventDate "2017.01.07"]
[EventType "tourn"]
[EventRounds "9"]
[EventCountry "JAM"]
[SourceTitle "EXT 2020"]
[Source "ChessBase"]
[SourceDate "2019.10.17"]
[SourceVersion "1"]
[SourceVersionDate "2019.10.17"]
[SourceQuality "1"]

1. d4 Nf6 2. c4 e5 3. dxe5 Ng4 4. e3 Nxe5 5. Nc3 Bb4 6. f4 Bxc3+ 7. bxc3 Ng6 8. Nf3 d6 9. Bd3 Qf6 10. Qc2 Nc6 11. 0-0 Bd7 12. Ba3 h6 13. Rab1 b6 14. Be4 Nge7 15. Nd4 0-0 16. Qd3 Rae8 17. Nb5 Rc8 18. Rbd1 Bf5 19. Nd4 Bxe4 20. Qxe4 Na5 21. Qd3 Rfe8 22. Rfe1 Nb7 23. Nb5 a6 24. Nd4 Nc5 25. Qc2 Ng6 26. Bxc5 dxc5 27. Nf5 Qe6 28. Ng3 Qxc4 29. Rc1 Rcd8 30. Qe2 Rd3 31. Qf1 Red8 32. Qe2 Re8 33. Qf1 1/2-1/2

[Event "JAM-ch (Women) 35th"]
[Site "Kingston"]
[Date "2017.01.21"]
[Round "6"]
[White "Curwin, Nickaylah"]
[Black "Gray, Krishna"]
[Result "0-1"]
[WhiteElo "1320"]
[BlackElo "1666"]
[PlyCount "72"]
[EventDate "2017.01.07"]
[EventType "tourn"]
[EventRounds "9"]
[EventCountry "JAM"]
[SourceTitle "EXT 2020"]
[Source "ChessBase"]
[SourceDate "2019.10.17"]
[SourceVersion "1"]
[SourceVersionDate "2019.10.17"]
[SourceQuality "1"]

1. d4 d5 2. c4 e6 3. Nc3 Nf6 4. Bg5 c6 5. Nf3 dxc4 6. e3 b5 7. Be2 Be7 8. 0-0 0-0 9. Bxf6 Bxf6 10. a4 Qb6 11. Qc2 Bb7 12. Rfd1 a6 13. e4 Nd7 14. e5 Be7 15. Kf1 h6 16. Ng1 Bb4 17. f4 Bxc3 18. bxc3 Qd8 19. Bf3 Qc7 20. g3 Nb6 21. axb5 cxb5 22. Bxb7 Qxb7 23. Qg2 Nd5 24. Qd2 a5 25. Rdc1 Rfc8 26. Kf2 b4 27. cxb4 axb4 28. Rxa8 Qxa8 29. Ne2 c3 30. Qe1 c2 31. Ra1 Qb7 32. Ra2 b3 33. Rb2 Qb5 34. Nc1 Rc3 35. Qe2 Qa4 36. Nd3 Qxd4+ 0-1

[Event "JAM-ch (Women)"]
[Site "Kingston"]
[Date "2015.07.26"]
[Round "8"]
[White "Smith, Annesha"]
[Black "Gray, Krishna"]
[Result "1-0"]
[WhiteElo "1707"]
[BlackElo "1706"]
[PlyCount "49"]
[EventDate "2015.07.18"]
[EventType "tourn"]
[EventRounds "10"]
[EventCountry "JAM"]
[SourceTitle "EXT 2018"]
[Source "ChessBase"]
[SourceDate "2017.10.13"]
[SourceVersion "1"]
[SourceVersionDate "2017.10.13"]
[SourceQuality "1"]

1. d4 Nf6 2. Nf3 e6 3. c4 d5 4. Nc3 c6 5. e3 Bd6 6. Bd3 Nbd7 7. 0-0 0-0 8. e4 dxe4 9. Nxe4 Nxe4 10. Bxe4 Nf6 11. Bc2 Qc7 12. Bg5 Ng4 13. h3 Nh2 14. Re1 Nxf3+ 15. Qxf3 e5 16. dxe5 Bxe5 17. Qe4 Bh2+ 18. Kh1 f5 19. Qd4 Qd6 20. Qc3 Qg6 21. Be7 Bd6 22. Bxf8 Kxf8 23. c5 Bc7 24. Bb3 Bd7 25. Qc4 1-0

[Event "JAM-ch (Women)"]
[Site "Kingston"]
[Date "2015.07.19"]
[Round "3"]
[White "Gray, Krishna"]
[Black "Smith, Annesha"]
[Result "1-0"]
[WhiteElo "1706"]
[BlackElo "1707"]
[PlyCount "95"]
[EventDate "2015.07.18"]
[EventType "tourn"]
[EventRounds "10"]
[EventCountry "JAM"]
[SourceTitle "EXT 2018"]
[Source "ChessBase"]
[SourceDate "2017.10.13"]
[SourceVersion "1"]
[SourceVersionDate "2017.10.13"]
[SourceQuality "1"]

1. d4 Nf6 2. Nf3 d5 3. Bf4 c5 4. dxc5 Nc6 5. e3 Bg4 6. Be2 e6 7. 0-0 Bxc5 8. Nc3 h6 9. Nb5 Rc8 10. Nbd4 0-0 11. Nxc6 bxc6 12. h3 Bf5 13. Nd4 Bh7 14. c4 Nd7 15. Nf3 Nb6 16. Rc1 Nd7 17. Bd3 Bxd3 18. Qxd3 Re8 19. cxd5 cxd5 20. Ne5 Nxe5 21. Bxe5 Qe7 22. a3 Bb6 23. Rc2 Qd7 24. Rfc1 Rxc2 25. Rxc2 Rc8 26. Rxc8+ Qxc8 27. Qc3 Qxc3 28. Bxc3 f6 29. b4 e5 30. Kf1 e4 31. Ke2 Kf7 32. a4 a6 33. a5 Bc7 34. b5 axb5 35. a6 Bb8 36. Bd4 Ke6 37. Kd2 Kd6 38. Kc3 Kc6 39. a7 Bxa7 40. Bxa7 f5 41. h4 g5 42. hxg5 hxg5 43. g3 Kd6 44. Kd4 Ke6 45. Kc5 f4 46. gxf4 gxf4 47. exf4 Kf5 48. Kxd5 1-0

[Event "Pan American Intercollegiate-chT"]
[Site "Princeton"]
[Date "2012.12.29"]
[Round "4"]
[White "Gray, Krishna"]
[Black "Truong, Hoainhan"]
[Result "1-0"]
[WhiteElo "1720"]
[BlackElo "2335"]
[PlyCount "72"]
[EventDate "2012.12.27"]
[EventType "team-swiss"]
[EventRounds "6"]
[EventCountry "USA"]
[SourceTitle "CBM 152 Extra"]
[Source "ChessBase"]
[SourceDate "2013.02.25"]
[SourceVersion "1"]
[SourceVersionDate "2013.02.25"]
[SourceQuality "1"]
[WhiteTeam "Jamaica Technology"]
[BlackTeam "Webster III"]
[WhiteTeamCountry "JAM"]
[BlackTeamCountry "USA"]

1. d4 d5 2. Nf3 Nc6 3. e3 Nf6 4. Bd3 g6 5. Nbd2 Bg7 6. 0-0 0-0 7. c3 Re8 8. e4 dxe4 9. Nxe4 Nxe4 10. Bxe4 Bg4 11. h3 Bxf3 12. Qxf3 Qd7 13. Rd1 f5 14. Bc2 e6 15. Bf4 Rad8 16. d5 Ne5 17. Bxe5 Bxe5 18. dxe6 Qb5 19. Bb3 Kf8 20. Qe3 Kg7 21. Qxa7 b6 22. Qb7 Qc5 23. Qf3 Rd6 24. Rxd6 Qxd6 25. Rd1 Qf8 26. Rd7+ Re7 27. Qd5 Bd6 28. Qd4+ Kh6 29. Qh4+ Kg7 30. Rxe7+ Bxe7 31. Qd4+ Kh6 32. Qd7 Bd6 33. Kf1 Qf6 34. g3 g5 35. Bc2 Qe5 36. g4 Qf4 1-0

[Event "Olympiad Women-40"]
[Site "Istanbul"]
[Date "2012.09.01"]
[Round "5.2"]
[White "Gray, Krishna"]
[Black "De Leon, Patricia O"]
[Result "0-1"]
[WhiteElo "1728"]
[BlackElo "1841"]
[PlyCount "106"]
[EventDate "2012.08.28"]
[EventType "team-swiss"]
[EventRounds "11"]
[EventCountry "TUR"]
[SourceTitle "CBM 150 Extra"]
[Source "ChessBase"]
[SourceDate "2012.10.19"]
[SourceVersion "1"]
[SourceVersionDate "2012.10.19"]
[SourceQuality "1"]
[WhiteTeam "Jamaica (W)"]
[BlackTeam "Uruguay (W)"]
[WhiteTeamCountry "JAM"]
[BlackTeamCountry "URU"]

1. d4 d5 2. Nf3 Nf6 3. e3 Bf5 4. c4 c6 5. Qb3 Qc7 6. Nc3 e6 7. a4 Bd6 8. c5 Be7 9. a5 Nbd7 10. Nh4 Bg6 11. f4 Ng4 12. Nxg6 hxg6 13. h3 f5 14. g3 Kf7 15. Bg2 Ngf6 16. Qc2 b6 17. b4 b5 18. h4 Ng4 19. Bf3 Ndf6 20. Bb2 Nxe3 21. Qe2 Nc4 22. 0-0-0 a6 23. Rhe1 Ne4 24. Bxe4 dxe4 25. Nb1 Rad8 26. Na3 Nxa3 27. Bxa3 Bf6 28. Bb2 Qd7 29. Qe3 Qd5 30. Qc3 Qd7 31. Qe3 Qe7 32. Rh1 Rd5 33. Rd2 Rhd8 34. Rhd1 R8d7 35. Bc3 Qd8 36. Kc2 Qh8 37. Kb1 Qh5 38. Rf1 Qg4 39. Kb2 Qh3 40. Rff2 Bxh4 41. Rg2 Bf6 42. Rh2 Qf1 43. Rhe2 Rd8 44. Re1 Qh3 45. Red1 Rh8 46. Qf2 Qg4 47. Rg1 Rh3 48. Qg2 Rd8 49. Kb3 Rdh8 50. Qf2 g5 51. Kb2 gxf4 52. gxf4 Qf3 53. Rh1 e3 0-1

[Event "Olympiad Women-40"]
[Site "Istanbul"]
[Date "2012.08.31"]
[Round "4.2"]
[White "Guindy, Esmat Susanne"]
[Black "Gray, Krishna"]
[Result "1-0"]
[WhiteElo "2132"]
[BlackElo "1728"]
[PlyCount "58"]
[EventDate "2012.08.28"]
[EventType "team-swiss"]
[EventRounds "11"]
[EventCountry "TUR"]
[SourceTitle "CBM 150 Extra"]
[Source "ChessBase"]
[SourceDate "2012.10.19"]
[SourceVersion "1"]
[SourceVersionDate "2012.10.19"]
[SourceQuality "1"]
[WhiteTeam "Denmark (W)"]
[BlackTeam "Jamaica (W)"]
[WhiteTeamCountry "DEN"]
[BlackTeamCountry "JAM"]

1. d4 d5 2. c4 c6 3. Nc3 Nf6 4. Bg5 g6 5. cxd5 Nxd5 6. Nf3 Bg7 7. Qb3 0-0 8. e4 Nb6 9. Rd1 Be6 10. Qc2 Re8 11. Be2 N8d7 12. 0-0 Qc7 13. Rc1 Rac8 14. Rfd1 a6 15. b4 Nf6 16. h3 Bd7 17. a4 e6 18. a5 Na8 19. Na4 Nh5 20. Qd2 f6 21. Be3 Rcd8 22. g4 Ng3 23. Bd3 Nh5 24. gxh5 gxh5 25. Bh6 Re7 26. Kh1 e5 27. Rg1 Bxh3 28. Rg3 Qc8 29. d5 Rd6 1-0

[Event "Olympiad Women-40"]
[Site "Istanbul"]
[Date "2012.08.28"]
[Round "1.2"]
[White "Gray, Krishna"]
[Black "Manakova, Maria"]
[Result "0-1"]
[WhiteElo "1728"]
[BlackElo "2304"]
[PlyCount "56"]
[EventDate "2012.08.28"]
[EventType "team-swiss"]
[EventRounds "11"]
[EventCountry "TUR"]
[SourceTitle "CBM 150 Extra"]
[Source "ChessBase"]
[SourceDate "2012.10.19"]
[SourceVersion "1"]
[SourceVersionDate "2012.10.19"]
[SourceQuality "1"]
[WhiteTeam "Jamaica (W)"]
[BlackTeam "Serbia (W)"]
[WhiteTeamCountry "JAM"]
[BlackTeamCountry "SRB"]

1. d4 Nf6 2. Nf3 g6 3. e3 Bg7 4. Bd3 0-0 5. e4 c5 6. c3 d5 7. Nbd2 cxd4 8. Nxd4 e5 9. N4f3 dxe4 10. Nxe4 Nxe4 11. Bxe4 Qxd1+ 12. Kxd1 Nc6 13. Re1 Rd8+ 14. Kc2 Be6 15. Bxc6 bxc6 16. Nxe5 Bf5+ 17. Kb3 Rab8+ 18. Ka3 Bf8+ 19. b4 c5 20. Kb3 cxb4 21. c4 f6 22. g4 fxe5 23. gxf5 Rd3+ 24. Ka4 b3 25. axb3 Rdxb3 26. Re3 R3b6 27. Rxe5 Ra6+ 28. Ra5 Rb4+ 0-1

[Event "JAM-ch (Women)"]
[Site "Kingston"]
[Date "2011.07.22"]
[Round "5"]
[White "Zhu, Hui"]
[Black "Gray, Krishna"]
[Result "1/2-1/2"]
[WhiteElo "2002"]
[BlackElo "1634"]
[PlyCount "75"]
[EventDate "2011.07.15"]
[EventType "tourn"]
[EventRounds "10"]
[EventCountry "JAM"]
[SourceTitle "EXT 2013"]
[Source "ChessBase"]
[SourceDate "2012.11.22"]
[SourceVersion "1"]
[SourceVersionDate "2012.11.22"]
[SourceQuality "1"]

1. e4 e6 2. d4 d5 3. exd5 Qxd5 4. Nc3 Qd8 5. Nf3 Nf6 6. Bc4 c6 7. 0-0 Be7 8. Bf4 Nbd7 9. Bd3 h6 10. Ne4 Nxe4 11. Bxe4 Nf6 12. Bd3 b6 13. a4 Bb7 14. Bd2 0-0 15. c3 c5 16. Bc2 cxd4 17. Nxd4 Qc7 18. Qe2 Rad8 19. Be3 Rfe8 20. Nf3 Ng4 21. g3 Qc6 22. Bd4 Qxf3 23. Qxf3 Bxf3 24. h3 Nf6 25. Rfe1 Bd5 26. Rad1 Nd7 27. Bd3 Bc5 28. Bb5 Re7 29. Bxc5 Nxc5 30. c4 a6 31. b4 axb5 32. bxc5 bxc4 33. cxb6 Ra8 34. Rxd5 Rxa4 35. Rc5 Kf8 36. Rc7 Rb4 37. Rc1 Rxb6 38. R7xc4 1/2-1/2